| 000 | 00674nam a2200253 a 4500 | ||
|---|---|---|---|
| 001 | nice12345678 | ||
| 003 | IN_TiNIC | ||
| 005 | 20260116011949.0 | ||
| 008 | 050524s1952 deoa grp 000 0 urd | ||
| 020 |
_a _c100 |
||
| 082 | 0 | 0 |
_a297.7 _bRIZ |
| 100 | _aRizvi, Syed Mahboob | ||
| 245 | _aTarikh-E-Deoband | ||
| 260 |
_aDeoband _bTarikh Deoband _c1952 |
||
| 300 | _a178p | ||
| 500 | _aincludes index and biblioraphy | ||
| 505 | 2 | _aalso contains nishan-e-asmani, asmani faisla siraj-e-munir and risala tuhfa-e-baghdad. | |
| 650 | _aIslamic-Education | ||
| 650 | _aDeoband | ||
| 700 | 1 | _aRizvi, Syed Mahboob | |
| 902 | _bSRS | ||
| 942 | _cBK | ||
| 999 |
_c5083 _d5083 |
||